[Event "Belgrade Premier League 2011"]
[Site "Belgrade SRB"]
[Date "2011.10.03"]
[Round "3.4"]
[White "Jakovljev,Z"]
[Black "Dobrijevic,M"]
[Result "1/2-1/2"]
[WhiteElo "2255"]
[BlackElo "2197"]

1.e4 c5 2.Nf3 d6 3.Bb5+ Nc6 4.d4 cxd4 5.Qxd4 Bd7 6.Bxc6 Bxc6 7.Nc3 Nf6 8.Bg5 h6
9.Bxf6 gxf6 10.O-O-O e6 11.Rhe1 Rg8 12.Nh4 Qa5 13.Kb1 Qe5 14.Qe3 Qg5 15.g3 Qxe3
16.Rxe3 O-O-O 17.f4 Be7 18.f5 Rd7 19.Nf3 Bd8 20.Nd4 Bb6 21.Red3 Bxd4 22.Rxd4 Kc7
23.Rf1 e5 24.Rc4 Kb6 25.Rd1 Rgd8 26.Rb4+ Kc5 27.a3 d5 28.exd5 Bxd5 29.Kc1 Bf3
30.Rf1 Bc6 31.Rh4 Rd2 32.b4+ Kb6 33.Rxh6 Rg2 34.Rd1 Rxd1+ 35.Kxd1 Bf3+ 36.Kc1 e4
37.Rxf6+ Kc7 38.Nd5+ Kd7 39.Rxf7+ Kd6 40.c4 Ke5 41.f6 Kd4 42.Rd7 Rxh2 43.f7 Rh8
44.Kd2 Rh2+ 45.Ke1 Rh1+ 46.Kf2 Rh2+  1/2-1/2

[Event "Belgrade Premier League 2011"]
[Site "Belgrade SRB"]
[Date "2011.10.04"]
[Round "4.2"]
[White "Zakic,Sr"]
[Black "Nenezic,M"]
[Result "0-1"]
[WhiteElo "2360"]
[BlackElo "2339"]

1.e4 c5 2.Nf3 d6 3.Bb5+ Bd7 4.Bxd7+ Qxd7 5.O-O Nf6 6.Re1 Nc6 7.c3 e6 8.d4 cxd4
9.cxd4 d5 10.e5 Ne4 11.Nbd2 Nxd2 12.Bxd2 Be7 13.Rc1 O-O 14.Rc3 f5 15.exf6 Rxf6
16.Ne5 Nxe5 17.dxe5 Rff8 18.Qc2 Bd8 19.Ree3 Bb6 20.Rf3 Rac8 21.Rxc8 Rxc8
22.Qb3 Qc7 23.Rc3 Qb8 24.Rxc8+ Qxc8 25.g3 Qc4 26.Qc3 Bd4 27.Qa3 Qc6 28.Bc3 Bc5
29.Qa5 Bb6 30.Qb4 h6 31.h4 Bc5 32.Qg4 Qd7 33.Bd4 b6 34.b3 Qf7 35.Kg2 h5 36.Qd1 Qf5
37.f3 Bxd4 38.Qxd4 Qc2+ 39.Kh3 Qe2 40.Qc3 Qf1+ 41.Kh2 Qf2+ 42.Kh3 Qc5 43.Qd3 Qg1
44.g4 Qh1+ 45.Kg3 Qe1+ 46.Kf4 Qxh4 47.Qc2 hxg4 48.Qc8+ Kh7 49.fxg4 Qf2+ 50.Kg5 Qd2+  0-1

[Event "1st Qinhuangdao Open"]
[Site "Qinhuangdao CHN"]
[Date "2011.10.04"]
[Round "6"]
[White "Dzhumaev,M"]
[Black "Wang Jue"]
[Result "0-1"]
[WhiteElo "2492"]
[BlackElo "2312"]

1.e4 c5 2.Nf3 d6 3.Bb5+ Nc6 4.O-O Bd7 5.Re1 Nf6 6.h3 a6 7.Bf1 e5 8.c3 Be7
9.d4 Qc7 10.d5 Na5 11.Nbd2 b5 12.Nh2 g6 13.Ndf3 O-O 14.Bh6 Rfc8 15.Nd2 Nh5
16.Be2 Nf4 17.Bxf4 exf4 18.Bg4 Bf6 19.e5 Bxe5 20.Be2 Bf6 21.Bg4 Be5 22.Bxd7 Qxd7
23.Ng4 Bg7 24.Ne4 Kh8 25.Nd2 h5 26.Nh2 Re8 27.Qf3 Qf5 28.Nhf1 Re5 29.Nh2 Ree8
30.Nhf1 Re5 31.Rxe5 Qxe5 32.Qd3 Qf5 33.Qf3 Qe5 34.Qd3 c4 35.Qf3 Rb8 36.Rd1 Nb7
37.b3 cxb3 38.Nxb3 Re8 39.Rd4 Bh6 40.a4 Nc5 41.Nxc5 dxc5 42.Rd1 Rd8 43.axb5 axb5
44.Qd3 c4 45.Qd2 Bg7 46.Nh2 Qxc3 47.Qxf4 Qc2 48.Re1 Qf5 49.Qc7 Qxd5 50.Nf3 Qd7
51.Qc5 Re8 52.Rb1 c3 53.Rc1 Rc8 54.Qb4 Kg8 55.h4 c2 56.Kh2 Bh6  0-1

[Event "1st Qinhuangdao Open"]
[Site "Qinhuangdao CHN"]
[Date "2011.10.04"]
[Round "6"]
[White "Ni,Shiqun"]
[Black "Liu Qingnan"]
[Result "0-1"]
[WhiteElo "2146"]
[BlackElo "2430"]

1.e4 c5 2.Nf3 d6 3.Bb5+ Nd7 4.O-O Nf6 5.Re1 a6 6.Bf1 b6 7.d4 cxd4 8.Nxd4 Bb7
9.c4 e6 10.Nc3 Be7 11.b3 O-O 12.Bb2 Qc7 13.Qd2 Rac8 14.Rad1 Rfd8 15.f4 Qb8
16.f5 e5 17.Nc2 Nc5 18.Bd3 b5 19.Nd5 Bxd5 20.cxd5 Qb6 21.Kf1 Ng4 22.h3 Nxd3
23.hxg4 Nxe1 24.Nxe1 h6 25.Nf3 Rc7 26.Qd3 Rdc8 27.Ne1 b4 28.Qf3 Bg5 29.Qe2 Qa5
30.Ra1 Bh4 31.Nd3 Rc2 32.Qe3 Qb5 33.Kg1 Bg5 34.Qf3 Rd2 35.Rd1 Rcc2 36.Bc1 Rxd3  0-1

[Event "20th TCh-CRO 1b"]
[Site "Sibenik CRO"]
[Date "2011.10.04"]
[Round "1.4"]
[White "Popovic,Du"]
[Black "Smith,Bry"]
[Result "1/2-1/2"]
[WhiteElo "2579"]
[BlackElo "2497"]

1.e4 c5 2.Nf3 d6 3.Bb5+ Nd7 4.d4 cxd4 5.Qxd4 a6 6.Bxd7+ Bxd7 7.c4 Bg4 8.Nc3 Rc8
9.Be3 Bxf3 10.gxf3 Nf6 11.O-O g6 12.Rad1 Bg7 13.Nd5 O-O 14.Nxf6+ Bxf6 15.Qd5 Qc7  1/2-1/2

[Event "20th TCh-CRO 1b"]
[Site "Sibenik CRO"]
[Date "2011.10.06"]
[Round "3.3"]
[White "Bogut,Z"]
[Black "Smith,Bry"]
[Result "1/2-1/2"]
[WhiteElo "2438"]
[BlackElo "2497"]

1.e4 c5 2.Nf3 d6 3.Bb5+ Nd7 4.d4 cxd4 5.Qxd4 a6 6.Bxd7+ Bxd7 7.Bg5 h6 8.Bh4 Rc8
9.Nc3 e5 10.Qd3 g5 11.Bg3 Nf6 12.h4 Rg8 13.hxg5 hxg5 14.O-O-O Qa5 15.Nd2 b5
16.Kb1 b4 17.Nd5 Nxd5 18.exd5 f5 19.Nc4 Qc5 20.Nxe5 dxe5 21.Bxe5 Qc4 22.Qd2 f4
23.b3 Qb5 24.d6 Bf5 25.Rh7 Rd8 26.Ra7 Rd7 27.Rxd7 Kxd7 28.Qd4 Qb7 29.Qc4 Be6
30.Qc7+ Qxc7 31.dxc7+ Ke7 32.Rd8 Kf7 33.c8=Q Bxc8 34.Rxc8 Rg6 35.Rc7+ Ke8
36.Kc1 Re6 37.Bd4 Re1+ 38.Kd2 Rg1 39.Ke2 Rxg2 40.Kf3 Rg1 41.Ra7 Rc1 42.Kg4 Rxc2
43.Rxa6 Rd2 44.Bf6 Rxf2 45.Bxg5 f3 46.Be3 Rf1 47.Kg3 Kd7 48.Ra7+ Ke6 49.Ra6+ Kd5
50.Rf6 Bd6+ 51.Kg4 Ke4 52.Rxd6 Kxe3 53.Re6+ Kd3 54.Kg3 Ra1 55.Ra6 Kc3 56.Kxf3 Kb2
57.Ra4 Rxa2 58.Rxb4 Ra3 59.Ke4 Rxb3 60.Rxb3+ Kxb3  1/2-1/2

[Event "TCh-ISL Div1 2011-12"]
[Site "Reykjavik ISL"]
[Date "2011.10.07"]
[Round "1.3"]
[White "Jones,G"]
[Black "Williams,Si1"]
[Result "1-0"]
[WhiteElo "2624"]
[BlackElo "2512"]

1.e4 c5 2.Nf3 d6 3.Bb5+ Nc6 4.Bxc6+ bxc6 5.O-O Bg4 6.h3 Bh5 7.e5 dxe5 8.g4 e4
9.gxh5 exf3 10.Nc3 Qd7 11.Qxf3 Nh6 12.Ne4 Nf5 13.Nxc5 Qd5 14.Qxd5 cxd5 15.Nb3 Rc8
16.c3 g6 17.d3 gxh5 18.Bf4 Rc6 19.Kh1 Rg8 20.Rg1 Rcg6 21.Rxg6 hxg6 22.Bb8 a6
23.Nc5 e6 24.Nxa6 Kd7 25.Be5 Be7 26.Nb8+ Kc8 27.Nc6 Bh4 28.Kg2 f6 29.Bg3 Kd7
30.Nb4 g5 31.d4 g4 32.Bxh4 Nxh4+ 33.Kg3 Nf3 34.h4 Nd2 35.a4 Nc4 36.Nd3 Nd6
37.Nc5+ Kc6 38.Nxe6 Nf5+ 39.Kh2 Nxh4 40.a5 Nf3+ 41.Kg2 h4 42.a6 h3+ 43.Kg3 f5
44.b4 Nd2 45.a7 Ne4+ 46.Kh2 Ra8 47.Ra5 Kb6 48.Nf4 Nxf2 49.Nxd5+ Kb7 50.c4 Nd3
51.c5 f4 52.b5 g3+ 53.Kxh3 Rxa7 54.c6+ Kb8 55.Rxa7  1-0

[Event "TCh-ISL Div1 2011-12"]
[Site "Reykjavik ISL"]
[Date "2011.10.07"]
[Round "1.3"]
[White "Lagerman,R"]
[Black "Thorsteinsson,Arn"]
[Result "1/2-1/2"]
[WhiteElo "2325"]
[BlackElo "2207"]

1.e4 c5 2.Nf3 d6 3.Bb5+ Bd7 4.Bxd7+ Nxd7 5.O-O Ngf6 6.d3 g6 7.Nh4 Bg7 8.f4 O-O
9.Nc3 Rb8 10.Qe1 Qc7 11.Nf3 e6 12.Qh4 b5 13.f5 b4 14.Ne2 exf5 15.exf5 Rbe8
16.Ng3 d5 17.Kh1 Qc6 18.Bf4 d4 19.Bh6 Bxh6 20.Qxh6 Ng4 21.Qh4 Ne3 22.Rf2 gxf5
23.Qf4 Re6 24.Nh4 Qd6 25.Qg5+ Rg6 26.Qh5 Rh6 27.Qg5+ Rg6 28.Nxg6 fxg6 29.Nf1 h6
30.Qxh6 Ng4 31.Qf4 Nxf2+ 32.Qxf2 Re8 33.Nd2 Nf6 34.Nc4 Qe6 35.h3 Nd5 36.a3 bxa3
37.Rxa3 Qe1+ 38.Qxe1 Rxe1+ 39.Kh2 Re2 40.Kg3 Nb6 41.Nd6 Rxc2 42.Rxa7 c4 43.Nxc4 Nxc4
44.dxc4 Rxc4 45.Kf4 d3+ 46.Kg5 Rd4 47.Ra1 d2 48.Rd1 Kf7 49.b4 Rd6 50.Kf4 Rd4+
51.Ke3 Rxb4 52.Rxd2  1/2-1/2

[Event "TCh-ROU Superliga w 2011"]
[Site "Brasov ROU"]
[Date "2011.10.08"]
[Round "1.2"]
[White "Muzychuk,A"]
[Black "Melia,S"]
[Result "1-0"]
[WhiteElo "2545"]
[BlackElo "2396"]

1.e4 c5 2.Nf3 d6 3.Bb5+ Bd7 4.Bxd7+ Qxd7 5.c4 Nf6 6.Nc3 g6 7.d4 cxd4 8.Nxd4 Bg7
9.h3 O-O 10.Be3 Nc6 11.O-O a6 12.Rc1 e6 13.Qf3 Ne5 14.Qe2 d5 15.cxd5 exd5
16.f4 Nc4 17.e5 Rfe8 18.b3 Nxe3 19.Qxe3 Rad8 20.Rfd1 Ne4 21.Nxe4 dxe4 22.Qxe4 f6
23.Qe2 Rc8 24.e6 Qd8 25.e7 Qd7 26.Nc6 Qf5 27.Nd8 Rxc1 28.Rxc1 Qd5 29.Rc7 f5
30.Qe6+ Qxe6 31.Nxe6 Bf6 32.Rxb7 Bxe7 33.Nc7 Bc5+ 34.Kf1 Re7 35.Rb8+ Kf7
36.Nxa6 Bd6 37.Rh8 Kg7 38.Rc8 Bxf4 39.Kf2 h5 40.h4 Be3+ 41.Kf3 Bb6 42.Nc5 Re1
43.Rc6 Ba5 44.Nd3 Rf1+ 45.Ke2 Ra1 46.Rc2 Rg1 47.Kf3 Rf1+ 48.Ke2 Rg1 49.Nf4 Re1+
50.Kf2 Ra1 51.g3 Kf7 52.Nd3 Rd1 53.Ne5+ Kg7 54.Rc6 Rd2+ 55.Kf3 Rxa2 56.Rxg6+ Kh7
57.Ra6 Ra3 58.Ke2 Rxb3 59.Rxa5 Rxg3 60.Kf2 Rb3 61.Ra7+ Kh6 62.Ra6+ Kh7 63.Rf6 Rb4
64.Kg3 Ra4 65.Rxf5 Kh6 66.Rf6+ Kh7 67.Rf4 Ra3+ 68.Nf3 Kg6 69.Rc4 Ra5 70.Rc6+ Kf5
71.Nd4+  1-0

[Event "10th Forchheim Open"]
[Site "Forchheim GER"]
[Date "2011.10.08"]
[Round "3.7"]
[White "Andraschko,F"]
[Black "Liepold,S"]
[Result "1-0"]
[WhiteElo "2079"]
[BlackElo "2269"]

1.e4 c5 2.Nf3 d6 3.Bb5+ Nc6 4.Bxc6+ bxc6 5.O-O Bg4 6.h3 Bh5 7.Re1 e5 8.c3 Nf6
9.d4 cxd4 10.cxd4 Qc7 11.b3 Be7 12.Bb2 Bxf3 13.Qxf3 Nd7 14.dxe5 Nxe5 15.Bxe5 dxe5
16.Nd2 O-O 17.Qc3 Rab8 18.Red1 Bb4 19.Qc4 Rfc8 20.Nf3 Ba3 21.Rd2 Qe7 22.Rad1 Rb7
23.Qa6 Re8 24.Qxc6 f6 25.Rd7 Rxd7 26.Rxd7 Qc5 27.Qc7 Qxc7 28.Rxc7 Re7 29.Rxe7 Bxe7
30.Nd2 Kf7 31.Kf1 Ke6 32.Ke2 g6 33.Kd3 Bc5 34.f3 h5 35.Nc4 f5 36.a3 g5 37.b4 Bd4
38.Ne3 fxe4+ 39.Kxe4 Bb2 40.Nc4 Bc3 41.b5 Kf6 42.a4 g4 43.hxg4 hxg4 44.fxg4 Bd4
45.a5  1-0

[Event "10th Forchheim Open"]
[Site "Forchheim GER"]
[Date "2011.10.08"]
[Round "3.43"]
[White "Glawe,Ralf"]
[Black "Lober,W"]
[Result "1-0"]
[WhiteElo "1980"]
[BlackElo "1692"]

1.e4 c5 2.Nf3 d6 3.Bb5+ Bd7 4.Bxd7+ Qxd7 5.c4 Nc6 6.Nc3 g6 7.d4 cxd4 8.Nxd4 Bg7
9.Be3 Nf6 10.h3 O-O 11.O-O a6 12.Rc1 Rfc8 13.b3 Qd8 14.f4 Qa5 15.Nxc6 Rxc6
16.Bd4 e5 17.Be3 b5 18.Nd5 Nxd5 19.Qxd5 Rac8 20.fxe5 dxe5 21.Rxf7 Kh8 22.Rd7 Rf6
23.Rxg7 Rd8 24.Rd7 Rxd7 25.Qxd7 Rf8 26.Qe7 Rg8 27.Qxe5+  1-0

[Event "II Oliver Gonzalez Memorial"]
[Site "Madrid ESP"]
[Date "2011.10.08"]
[Round "1.36"]
[White "Blanco Sanchez,J"]
[Black "Gonzalez Lopez,Sergio"]
[Result "1-0"]
[WhiteElo "2115"]
[BlackElo "1815"]

1.e4 c5 2.Nf3 d6 3.Bb5+ Bd7 4.Bxd7+ Qxd7 5.c4 Nc6 6.d4 cxd4 7.Nxd4 Nf6 8.Nc3 g6
9.f3 Bg7 10.Be3 Rc8 11.b3 O-O 12.Qd2 Rfe8 13.O-O Nxd4 14.Bxd4 b6 15.Rad1 Red8
16.Kh1 Ne8 17.Bxg7 Kxg7 18.f4 f6 19.f5 g5 20.e5 fxe5 21.Qxg5+ Kh8 22.Nd5 Ng7
23.Nxe7 Rc7 24.f6 Ne6 25.Qh6 Qe8 26.Rd3 Qf7 27.Nf5 Rcd7 28.Rfd1 d5 29.Rxd5 Rxd5
30.cxd5 Nd4 31.Nxd4 Rxd5 32.Rc1  1-0

[Event "TCh-ISL Div1 2011-12"]
[Site "Reykjavik ISL"]
[Date "2011.10.08"]
[Round "3.2"]
[White "Jones,G"]
[Black "Van Wely,L"]
[Result "1/2-1/2"]
[WhiteElo "2624"]
[BlackElo "2689"]

1.e4 c5 2.Nf3 d6 3.Bb5+ Bd7 4.Bxd7+ Qxd7 5.O-O Nf6 6.Qe2 Nc6 7.Rd1 e6 8.d4 cxd4
9.Nxd4 Be7 10.c4 O-O 11.Nc3 Rac8 12.b3 a6 13.Bb2 Rfe8 14.Kh1 b6 15.f4 Qb7
16.Nxc6 Rxc6 17.e5 dxe5 18.fxe5 Nd7 19.Rd3 b5 20.cxb5 axb5 21.Rf1 b4 22.Ne4 Nc5
23.Rdf3 Qa6 24.Qe3 Nxe4 25.Qxe4 Rf8 26.Bd4 Rc7 27.R3f2 Rd7 28.Be3 Rd5 29.h3 Qb5
30.Bf4 Bc5 31.Rf3 Rfd8 32.Bg5 R8d7 33.Re1 Qa6 34.Be3 Bb6 35.Bf2 Ra5 36.Rc1 Qa8
37.Qxa8+ Rxa8 38.Rc4 Rd5 39.Bd4 h5 40.h4 g6  1/2-1/2

[Event "TCh-ISL Div1 2011-12"]
[Site "Reykjavik ISL"]
[Date "2011.10.08"]
[Round "3.1"]
[White "Ornolfsson,M"]
[Black "Bergsson,St"]
[Result "0-1"]
[WhiteElo "2170"]
[BlackElo "2135"]

1.e4 c5 2.Nf3 d6 3.Bb5+ Nd7 4.O-O Nf6 5.e5 dxe5 6.Nxe5 a6 7.Nxd7 Nxd7 8.Be2 e5
9.Nc3 Bd6 10.d3 f5 11.Bh5+ g6 12.Bf3 f4 13.Re1 O-O 14.b4 Nf6 15.Bb2 cxb4
16.Nd5 Re8 17.d4 e4 18.Nxf6+ Qxf6 19.Bxe4 Rf8 20.Qf3 Rb8 21.Qb3+ Kg7 22.Bxb7 Qh4
23.Bxc8 Rbxc8 24.d5+ Kh6 25.Re4 Rf5 26.Qd3 Rh5 27.h3 Rf8 28.Qd4 Rf7 29.Re6 Rg5
30.Kf1 Bb8 31.Qe4 Ba7 32.Bd4 Bxd4 33.Qxd4 Rxg2 34.Rd1 Qxh3 35.Ke2 Qh4 36.Kf1 Qg4
37.f3 Qxf3+ 38.Ke1 Rh2 39.Rxg6+ Kxg6  0-1

[Event "TCh-ISL Div1 2011-12"]
[Site "Reykjavik ISL"]
[Date "2011.10.08"]
[Round "3.2"]
[White "Sigurpalsson,R"]
[Black "Baklan,V"]
[Result "1/2-1/2"]
[WhiteElo "2229"]
[BlackElo "2617"]

1.e4 c5 2.Nf3 d6 3.Bb5+ Nd7 4.O-O a6 5.Bxd7+ Bxd7 6.d4 cxd4 7.Qxd4 Rc8 8.Nc3 e5
9.Qd3 h6 10.Be3 Nf6 11.Nd2 Qc7 12.h3 b5 13.a3 Be7 14.f4 exf4 15.Rxf4 Be6
16.Raf1 Nd7 17.Bd4 Ne5 18.Qg3 Bg5 19.R4f2 O-O 20.Nf3 Bf6 21.Nxe5 Bxe5 22.Bxe5 dxe5
23.Rd1 Rcd8 24.Rfd2 f6 25.Qe3 Rxd2 26.Qxd2 Rc8 27.Qd6 Qa7+ 28.Kh2 Kf7 29.Rd3 Rc4  1/2-1/2

[Event "Continental Class Ch."]
[Site "Arlington USA"]
[Date "2011.10.09"]
[Round "7"]
[White "Defibaugh,J"]
[Black "Meyer,Joh"]
[Result "1-0"]
[WhiteElo "2178"]
[BlackElo "2284"]

1.e4 c5 2.Nf3 d6 3.Bb5+ Bd7 4.Bxd7+ Nxd7 5.c4 e5 6.Nc3 g6 7.d3 Bg7 8.O-O Ne7
9.Ne1 O-O 10.Nc2 f5 11.f3 Rf7 12.Rb1 Qf8 13.b4 b6 14.bxc5 Nxc5 15.Be3 Nc6
16.Bxc5 dxc5 17.Nd5 Bh6 18.Qe2 Qd6 19.a4 Ne7 20.a5 bxa5 21.Rb5 Nc6 22.Qf2 Nd4
23.Nxd4 cxd4 24.Qa2 fxe4 25.c5 Qe6 26.dxe4 Rc8 27.Rxa5 Kg7 28.Qc4 Rc6 29.Rfa1 Qc8
30.Rxa7 Rxc5 31.Rxf7+ Kxf7 32.Ra7+ Kf8 33.Qb4 Bd2 34.Qa3 Bc1 35.Qa2 Rxd5
36.Ra8 Rd8 37.Rxc8 Rxc8 38.g3 Kg7 39.Qd5 Be3+ 40.Kg2 Rc2+ 41.Kh3 h5 42.Qxe5+ Kh7
43.Qe7+ Kh6 44.Qf8+ Kh7 45.Qf7+ Kh6 46.Qg8 g5 47.e5 Rd2 48.Qh8+ Kg6 49.Qf6+ Kh7
50.f4 g4+ 51.Kh4 d3 52.Kg5  1-0

[Event "20th TCh-CRO w"]
[Site "Sibenik CRO"]
[Date "2011.10.09"]
[Round "7.1"]
[White "Ivekovic,A CRO"]
[Black "Kukic,L"]
[Result "1-0"]
[WhiteElo "2009"]
[BlackElo "1802"]

1.e4 c5 2.Nf3 d6 3.Bb5+ Nd7 4.O-O a6 5.Be2 Ngf6 6.d3 g6 7.Bg5 Bg7 8.Qc1 Qb6
9.Nc3 O-O 10.Rb1 Re8 11.h3 Qc7 12.Bh6 Bh8 13.Nh4 b5 14.Qg5 b4 15.Nd1 Nf8
16.Qd2 d5 17.exd5 Nxd5 18.Ne3 Be6 19.Bf3 Rad8 20.Nxd5 Bxd5 21.Bxd5 Rxd5 22.Bf4 e5
23.Bg3 Qe7 24.Qe2 Ne6 25.Nf3 f5 26.Rfe1 Nd4 27.Nxd4 cxd4 28.f3 Ra5 29.Ra1 Bf6
30.Bf2 Qc5 31.Reb1 Bg5 32.c3 Re7 33.cxb4 Qxb4 34.Be1 Be3+ 35.Qxe3  1-0

[Event "World Amateur Chess Championship"]
[Site "Antalya TUR"]
[Date "2011.10.10"]
[Round "9"]
[White "Sahin,S"]
[Black "Demirbas,Fatih"]
[Result "0-1"]
[WhiteElo "1949"]
[BlackElo "1735"]

1.e4 c5 2.Nf3 d6 3.Bb5+ Bd7 4.Bxd7+ Nxd7 5.c4 Ngf6 6.Nc3 g6 7.O-O Bg7 8.d4 cxd4
9.Nxd4 O-O 10.Be3 a6 11.Rc1 Rc8 12.b3 Nc5 13.f3 Qa5 14.Qd2 Rfe8 15.Rfd1 Ne6
16.Nde2 h5 17.Rb1 h4 18.Rdc1 Qh5 19.Nd5 g5 20.h3 Nd7 21.Nd4 Bxd4 22.Bxd4 Nf4
23.Be3 e5 24.b4 Re6 25.Kh2 Nf6 26.Nb6 Rce8 27.a4 Nxh3 28.Kxh3 g4+ 29.Kh2 gxf3
30.gxf3 Qxf3 31.Rg1+ Kh7 32.Rbf1 Ng4+ 33.Rxg4 Qxg4 34.Qf2 Rf6 35.Qg1 Qg3+
36.Qxg3 hxg3+ 37.Kg2 Rxf1 38.Kxf1 Kg6 39.Kg2 f5 40.exf5+ Kxf5 41.Nd5 Rh8
42.Kxg3 Ke4 43.Bg5 Kd4 44.Nb6 Rg8 45.Kg4 e4 46.Nd5 Kxc4 47.Nf6 Rxg5+ 48.Kxg5 e3
49.Ne4 Kd3 50.Ng3 e2 51.Nxe2 Kxe2 52.Kf5 Kd3 53.Ke6 Kc4  0-1

[Event "Bedford Rating GpB"]
[Site "Bedford USA"]
[Date "2011.10.10"]
[Round "9"]
[White "Harris,Da"]
[Black "Dickinson,J"]
[Result "1/2-1/2"]
[WhiteElo "2083"]
[BlackElo "1973"]

1.e4 c5 2.Nf3 d6 3.Bb5+ Bd7 4.Bxd7+ Qxd7 5.O-O Nc6 6.c3 e6 7.Qe2 Nf6 8.d4 cxd4
9.cxd4 d5 10.e5 Ne4 11.Nbd2 Nxd2 12.Bxd2  1/2-1/2

[Event "TCh-ROU Superliga w 2011"]
[Site "Brasov ROU"]
[Date "2011.10.11"]
[Round "4.1"]
[White "Craciun,P"]
[Black "Vintila,Maria-Aurora"]
[Result "1-0"]
[WhiteElo "2138"]
[BlackElo "1781"]

1.e4 c5 2.Nf3 d6 3.Bb5+ Bd7 4.Bxd7+ Nxd7 5.c4 g6 6.Nc3 Bg7 7.d4 cxd4 8.Nxd4 Ne5
9.O-O Nf6 10.f4 Nc6 11.Be3 O-O 12.h3 Nd7 13.Nde2 Nc5 14.f5 Ne5 15.b3 Ned7
16.Rc1 a6 17.b4 Nxe4 18.Nxe4 a5 19.b5 Rc8 20.N2g3 Be5 21.Bf4 Qb6+ 22.Kh2 Bg7
23.Qd2 Ne5 24.Be3 Qd8 25.Qe2 b6 26.Bg5 Qd7 27.f6 exf6 28.Nxf6+ Bxf6 29.Bxf6 Qe6
30.Qd2 Nd7 31.Ba1 Rxc4 32.Rxc4 Qxc4 33.Qxd6 Qe6 34.Rd1 Nc5 35.Qf4 f6 36.Rd6 Qxa2
37.Rxf6 Rd8 38.Qe5 Rd2 39.Qe8+ Kg7 40.Qf8+  1-0

[Event "II Oliver Gonzalez Memorial"]
[Site "Madrid ESP"]
[Date "2011.10.11"]
[Round "4.30"]
[White "Hernandez Gutierrez,Jose"]
[Black "Madurga Lopez,I"]
[Result "1/2-1/2"]
[WhiteElo "1890"]
[BlackElo "2057"]

1.e4 c5 2.Nf3 d6 3.Bb5+ Bd7 4.Bxd7+ Qxd7 5.O-O Nc6 6.c3 Nf6 7.Re1 e6 8.d3 Be7
9.Nbd2 O-O 10.Nf1 Rfd8 11.Ng3 Qc7 12.Qe2 h6 13.Bf4 Ne5 14.d4 Ng6 15.Bxd6 Bxd6
16.e5 Be7 17.exf6 Bxf6 18.dxc5 Qxc5 19.Ne4 Qe7 20.Nxf6+ Qxf6 21.Rad1 Rxd1
22.Rxd1 Rd8 23.Rxd8+ Qxd8 24.g3 Qd5 25.c4 Qf5 26.Kg2 Qg4 27.Kf1 h5 28.h4 e5
29.Nd2 Qxe2+ 30.Kxe2 f5 31.c5 Kf7 32.Nc4 Ke6 33.b4 Ne7 34.Kd3 Kd5 35.Ne3+ Kc6
36.Kc4 f4 37.b5+ Kd7 38.Nf1 Ke6 39.a4 Nf5 40.a5 fxg3 41.fxg3 e4 42.c6 bxc6
43.bxc6 Kd6 44.Nd2 Nxg3 45.Kb5 e3 46.Nc4+ Kc7 47.Nxe3 a6+ 48.Kc5 Ne4+ 49.Kd5 Nf6+
50.Kc5  1/2-1/2

[Event "US Chess League 2011"]
[Site "ICC INT"]
[Date "2011.10.12"]
[Round "7"]
[White "Defibaugh,J"]
[Black "Simpson,R"]
[Result "1-0"]
[WhiteElo "2178"]
[BlackElo "2271"]

1.e4 c5 2.Nf3 d6 3.Bb5+ Bd7 4.Bxd7+ Qxd7 5.c4 g6 6.O-O Bg7 7.d4 cxd4 8.Nxd4 Nc6
9.Be3 Nf6 10.f3 O-O 11.Qd2 Rfc8 12.b3 b5 13.cxb5 Nxd4 14.Bxd4 Qxb5 15.Na3 Qh5
16.Qf2 d5 17.e5 Nd7 18.f4 Qf5 19.Rad1 Qe6 20.Nc2 Qa6 21.Ne3 e6 22.g4 f6 23.exf6 Bxf6
24.g5 Bxd4 25.Rxd4 Nc5 26.Ng4 Ne4 27.Rxe4 dxe4 28.Nh6+ Kf8 29.Qb2 Qd3 30.Qf6+ Ke8
31.Qxe6+ Kd8 32.Nf7+ Kc7 33.Ne5 Qd4+ 34.Kh1 Kb7 35.Nc4 Rxc4 36.bxc4 Rd8 37.Rb1+ Kc7
38.Qa6 Rb8 39.Qa5+ Kd7 40.Qa4+ Ke6 41.Rxb8 e3 42.Qc6+  1-0

[Event "Lichtenrader Autumn"]
[Site "Berlin GER"]
[Date "2011.10.13"]
[Round "6.10"]
[White "Grottke,HJ"]
[Black "Mueller,To"]
[Result "0-1"]
[WhiteElo "2237"]
[BlackElo "2079"]

1.e4 c5 2.Nf3 d6 3.Bb5+ Bd7 4.Bxd7+ Qxd7 5.c4 e5 6.Nc3 g6 7.d3 Bg7 8.O-O Ne7
9.a3 Nbc6 10.Rb1 f5 11.Bg5 O-O 12.b4 b6 13.b5 Nd8 14.Bxe7 Qxe7 15.Nd5 Qd7
16.a4 Nb7 17.Nd2 f4 18.f3 Bf6 19.Nb3 Bd8 20.Ra1 Bc7 21.Qd2 a5 22.bxa6 Rxa6
23.Rfb1 Bd8 24.Nc3 g5 25.h3 h5 26.Qe2 Rf7 27.Nd2 Rg7 28.Nb5 Na5 29.Rb2 Nc6
30.Nb1 Ne7 31.N1c3 Ng6 32.Nd1 Nh4 33.Nf2 Ra8 34.Nc3 Bc7 35.Nd5 Rf8 36.a5 g4
37.hxg4 hxg4 38.Nxg4 Rxg4 39.fxg4 f3 40.Qe3 Qxg4 41.Raa2 Bd8 42.Qe1 Bg5 43.axb6 fxg2
44.Rf2 Rxf2 45.Rxf2 Qh3  0-1

[Event "TCh-ROU Superliga w 2011"]
[Site "Brasov ROU"]
[Date "2011.10.13"]
[Round "6.2"]
[White "Craciun,P"]
[Black "Plass,M"]
[Result "1-0"]
[WhiteElo "2138"]
[BlackElo "2151"]

1.e4 c5 2.Nf3 d6 3.Bb5+ Nd7 4.c3 Nf6 5.Qe2 a6 6.Ba4 Qc7 7.d3 b5 8.Bb3 e6
9.Nbd2 Be7 10.Nf1 Bb7 11.Ng3 O-O 12.O-O Ne5 13.Nd2 Nc6 14.f4 Na5 15.Bc2 Nd7
16.Nf3 e5 17.Nf5 Bf6 18.Ng5 g6 19.Nh6+ Kg7 20.Nhxf7 Rxf7 21.Ne6+  1-0

[Event "Indonesia Open"]
[Site "Jakarta INA"]
[Date "2011.10.13"]
[Round "1.37"]
[White "Lindiawati,E"]
[Black "Guramishvili,S"]
[Result "0-1"]
[WhiteElo "2085"]
[BlackElo "2359"]

1.e4 c5 2.Nf3 d6 3.Bb5+ Nd7 4.c3 Nf6 5.d3 a6 6.Ba4 e6 7.O-O b5 8.Bc2 Bb7
9.Re1 Qc7 10.Nbd2 Rc8 11.Nf1 Be7 12.Qe2 O-O 13.Bd2 Rfe8 14.Rad1 Bf8 15.Ng3 e5
16.c4 g6 17.h4 Bg7 18.Bb3 b4 19.Nh2 Nf8 20.Ng4 Nxg4 21.Qxg4 h5 22.Qf3 Ne6
23.Nf1 Qe7 24.g3 f5 25.Ne3 fxe4 26.dxe4 Nd4 27.Qg2 Qf7 28.Nc2 Nf3+ 29.Kf1 Nxe1
30.Bxe1 Bh6 31.Ke2 Qe6 32.Bd2 Bxd2 33.Rxd2 Rf8 34.f3 Rc7 35.Rd3 Rcf7 36.Nxb4 cxb4  0-1

[Event "Indonesia Open"]
[Site "Jakarta INA"]
[Date "2011.10.14"]
[Round "3.6"]
[White "Kasmiran"]
[Black "Wang Yue"]
[Result "0-1"]
[WhiteElo "2369"]
[BlackElo "2716"]

1.e4 c5 2.Nf3 d6 3.Bb5+ Nc6 4.O-O Bd7 5.Re1 Nf6 6.h3 e6 7.c4 Ne5 8.Bxd7+ Nfxd7
9.d3 g6 10.Nh2 Bg7 11.Nc3 O-O 12.Be3 a6 13.Qd2 Rb8 14.Ne2 b5 15.b3 Nc6 16.Rac1 Qa5
17.Qxa5 Nxa5 18.cxb5 axb5 19.d4 Nb7 20.Red1 Rfc8 21.Nf3 Ra8 22.Rd2 Nf6 23.e5 Nd5
24.exd6 Nxd6 25.Rxc5 Rxc5 26.dxc5 Ne4 27.Rc2 Nb4 28.Rc1 Nxa2 29.Rd1 Rc8 30.Rd7 Nxc5
31.Ra7 Nb4 32.Nfd4 Nd5 33.Nxb5 Nxe3 34.fxe3 Ne4 35.Ra4 f5 36.Nbd4 Bh6 37.Nxe6 Bxe3+
38.Kh2 Kf7 39.N2d4 Rc1 40.g4 Kf6 41.gxf5 gxf5 42.Kg2 Nd2 43.Ne2 Rf1 44.N2f4 Rf2+  0-1

[Event "Nalchik WGP 2011"]
[Site "Nalchik RUS"]
[Date "2011.10.15"]
[Round "6"]
[White "Kovalevskaya,E"]
[Black "Cmilyte,V"]
[Result "1-0"]
[WhiteElo "2421"]
[BlackElo "2525"]

1.e4 c5 2.Nf3 d6 3.Bb5+ Bd7 4.Bxd7+ Qxd7 5.O-O Nc6 6.c3 Nf6 7.Re1 e6 8.d4 cxd4
9.cxd4 d5 10.e5 Ne4 11.Nbd2 Nxd2 12.Bxd2 Be7 13.Rc1 O-O 14.Rc3 Rfc8 15.a3 b5
16.Rd3 Qd8 17.h4 h6 18.Nh2 Bxh4 19.Qh5 Bg5 20.f4 g6 21.Qh3 Bh4 22.g3 Be7
23.Qxh6 Qf8 24.Qh3 Qg7 25.g4 f6 26.exf6 Bxf6 27.g5 Bxd4+ 28.Kg2 Bxb2 29.Ng4 Ne7
30.Nh6+ Kf8 31.Qxe6 Rc2 32.Re2 a5 33.Rde3 Rxd2 34.Rxd2 Bc1 35.Rde2 Bxe3 36.Rxe3 b4
37.axb4 axb4 38.Re5 b3 39.Qb6 b2 40.Qb7 Rd8 41.Qxb2 Rc8 42.Qb4 Ke8 43.Ng8 Qxe5
44.fxe5 Nxg8 45.Qb5+ Kf8 46.Qf1+ Kg7 47.e6 Rf8 48.Qa1+ Kh7 49.Qa7+ Kh8 50.Qd4+ Kh7
51.Kg3 Rf5 52.Kg4 Rf8 53.Qxd5 Rf5 54.Qd7+ Kh8 55.Qd4+ Kh7 56.Qa7+ Kh8 57.Qb7 Rf8
58.Qd7 Rf5 59.e7 Nxe7 60.Qxe7 Kg8 61.Qc7 Rf8 62.Qd6 Kg7 63.Qh2 Rg8 64.Qc7+ Kh8
65.Qe7 Rg7 66.Qf8+ Kh7  1-0

[Event "Chigorin Memorial Open"]
[Site "St Petersburg RUS"]
[Date "2011.10.15"]
[Round "2.7"]
[White "Kuzubov,Y"]
[Black "Oparin,G"]
[Result "1/2-1/2"]
[WhiteElo "2623"]
[BlackElo "2413"]

1.e4 c5 2.Nf3 d6 3.Bb5+ Bd7 4.Bxd7+ Qxd7 5.O-O Nc6 6.c3 Nf6 7.Qe2 e6 8.d4 cxd4
9.cxd4 d5 10.e5 Ne4 11.Be3 Be7 12.Ne1 f5 13.Nd3 O-O 14.f3 Ng5 15.Nd2 Nf7
16.Rac1 Rac8 17.Nb3 b6 18.Rc2 Nfd8 19.Rfc1 Nb7 20.Nf4 Nb4 21.Rxc8 Rxc8 22.a3 Rxc1+
23.Nxc1 Nc6 24.b4 Nb8 25.Qb2 b5 26.Nb3 Qc6 27.Kf2 Kf7 28.Ke2 Nd7 29.Nc5 Bxc5
30.dxc5 Nd8 31.Nd3 Qc7 32.h4 Nc6 33.Bf4 a5 34.Kf2 axb4 35.axb4 Qa7 36.Ke2 Qa4
37.Bd2 Ndb8 38.h5 Na6 39.Bc3 d4 40.Bd2 Nc7 41.Nf4 Na6 42.Nd3 Nc7 43.Nf4  1/2-1/2

[Event "Indonesia Open"]
[Site "Jakarta INA"]
[Date "2011.10.16"]
[Round "5.22"]
[White "Kasmiran"]
[Black "Dewi,A"]
[Result "1-0"]
[WhiteElo "2369"]
[BlackElo "2083"]

1.e4 c5 2.Nf3 d6 3.Bb5+ Bd7 4.Bxd7+ Qxd7 5.O-O Nf6 6.Re1 e6 7.c4 Be7 8.Nc3 O-O
9.d4 cxd4 10.Nxd4 Nc6 11.b3 Rad8 12.Bb2 a6 13.h3 Ne8 14.Nc2 Nc7 15.Ne3 Bf6
16.Qd2 Bd4 17.Rad1 f6 18.Na4 Ba7 19.Ba3 Nd4 20.Bb4 e5 21.Ba5 Nce6 22.Bb6 Bxb6
23.Nxb6 Qf7 24.Nbd5 Rd7 25.Qd3 Nc5 26.Qb1 Qg6 27.Nf5 Nxf5 28.exf5 Qf7 29.b4 Na4
30.Qb3 b5 31.c5 Rc8 32.cxd6 Rc4 33.Ne3 Rc6 34.f4 Qxb3 35.axb3 Nc3 36.Nd5 Nxd1
37.Ne7+ Rxe7 38.dxe7 Kf7 39.Rxd1 Kxe7 40.Re1 Kd6 41.fxe5+ fxe5 42.Kf2 Kd5
43.g4 Rc3 44.Rd1+ Ke4 45.Rd7 Rc2+ 46.Kg3 Rc3+ 47.Kh4 Kf3 48.Rxg7 e4 49.f6 Kg2
50.Re7 Rxh3+ 51.Kg5 e3 52.Ra7 Rf3 53.Kh6 Kg3 54.g5 Kg4 55.g6 hxg6 56.Kxg6 Kg3
57.f7 Rxf7 58.Rxf7  1-0

[Event "5th SPICE Cup GpC"]
[Site "Lubbock USA"]
[Date "2011.10.16"]
[Round "2"]
[White "Neimer,V"]
[Black "Herman,Ma"]
[Result "1/2-1/2"]
[WhiteElo "2373"]
[BlackElo "2414"]

1.e4 c5 2.Nf3 d6 3.Bb5+ Nd7 4.d4 Nf6 5.Nc3 cxd4 6.Qxd4 e5 7.Qd3 h6 8.O-O a6
9.Bxd7+ Bxd7 10.a4 Rc8 11.Be3 Be6 12.Rfd1 Qc7 13.Ne1 Be7 14.f3 O-O 15.a5 Bc4
16.Qd2 d5 17.Bb6 Bc5+ 18.Kh1 Bxb6 19.axb6 Qxb6 20.b3 Bb5  1/2-1/2